| 000 | 00566nam a2200157 a 4500 | ||
|---|---|---|---|
| 001 | 000021801 | ||
| 005 | 20200930011444.0 | ||
| 008 | 100913s20uu dr a 000 0 spa d | ||
| 040 |
_aDO-SdBNP _bspa _cBNPHU |
||
| 082 |
_axxx _bP699 |
||
| 245 | 0 | 0 |
_aPlan de desarrollo local de la provincia de La Vega : _bdiagnósticos participativos, definición de escenarios y proyectos estratégicos / _cpresentación Jean-Marie Collombon. |
| 260 |
_aSanto Domingo : _bBúho, _c200? |
||
| 300 |
_a158 p. : _bil. ; _c23 cm. |
||
| 700 | 1 |
_aCollombon, Jean-Marie _945285 |
|
| 049 | _aBNPD | ||
| 999 |
_c21299 _d21299 |
||